Normal view
MARC view
- اللغة العربية-قواعد اللغة
Entry Topical Term
001 - CONTROL NUMBER
- control field: 64145
003 - CONTROL NUMBER IDENTIFIER
- control field: JO-AjAnu
005 - DATE AND TIME OF LATEST TRANSACTION
- control field: 20230606084451.0
008 - FIXED-LENGTH DATA ELEMENTS
- fixed length control field: 230606|| aca||aabn | a|a d
040 ## - CATALOGING SOURCE
- Original cataloging agency: JO-AjAnu
- Transcribing agency: JO-AjAnu
150 ## - HEADING--TOPICAL TERM
- Topical term or geographic name entry element: اللغة العربية-قواعد اللغة
670 ## - SOURCE DATA FOUND
- Source citation: Work cat.: (JO-AjAnu)32701: حلاوة، محمد , author 64144, الأساس في التطبيقات النحوية واللغوية: علامات الترقيم، الاملاء، استعمال المعاجم، النحو، الصرف، التطبيقات، النشاطات وحلولها النموذجية